L'Espace de A à Z - Statistiques

Statistiques générales
  • Ce quiz a été pris 1 231 fois
  • Le résultat moyen est 17 sur 26
Statistiques - réponses
Lettre Indice Réponse % Correct
B Évènement survenu il y a 13,8 milliards d'années. Big Bang
98%
P N'est plus une planète depuis 2006. Pluton
93%
M Plus petite planète du système solaire. Mercure
90%
L Mars en possède deux. Lune
89%
J Planète à qui l'on a donné le nom romain du maître des dieux. Jupiter
88%
A La ceinture entre Mars et Jupiter en contient 750 000. Astéroïde
87%
U Septième planète du système solaire. Uranus
84%
V Nom de notre galaxie. Voie Lactée
81%
I Film de Christopher Nolan avec des astronautes. Interstellar
80%
N Étoile relativement petite présentant une faible luminosité. Naine
73%
C Petit corps céleste à queue de plasma lorsqu'est proche d'une étoile. Comète
72%
H Théorie valant à Galilée un procès. Héliocentrisme
71%
E Toute planète en dehors du système solaire. Exoplanète
70%
F Les Saturne et les Ariane en sont des modèles. Fusée
68%
T Constellation et deuxième signe du zodiaque. Taureau
66%
W Ville du siège de la NASA. Washington
66%
O Nom de la plus haute montagne de Mars. Olympus Mons
64%
Y Prénom du premier humain dans l'espace. Youri
61%
R La Terre l'effectue autour du Soleil en 365,242 jours. Révolution
55%
Z Point du ciel situé à la verticale de l'observateur. Zénith
44%
S Étoile la plus brillante du ciel nocturne. Sirius
36%
X Espèce d'extraterrestre présente dans le film Alien. Xénomorphe
34%
K Ceinture de corps et planètes naines au-delà de Neptune. ceinture de {Kuiper}
32%
G Plus gros satellite naturel du système solaire. Ganymède
32%
Q Trou noir supermassif au centre d'une région lumineuse. Quasar
32%
D Navette spatiale ayant accompli le plus de missions. Discovery
19%
Aucun quiz correspondant
Distribution des résultats
% des personnes avec chaque résultat
Percentile par nombre de réponses
Votre historique - résultats
Vous n’avez pas pris ce quiz